00554nam a2200133Ia 4500008004100000100003300041245008200074245011500156260005300271260000900324300001100333650001500344856006100359170221s9999 xx 000 0 und d aLarisa Viktorovna Prokhorova aRights of Minors in the Sphere of Culture, Recreation and Leisure Activities  cLarisa Viktorovna Prokhorova, Anna Maximovna Rabets, Elena Olegovna Tchinaryan, Anait Vyacheslavovna Markosyan bInternational Review of Management and Marketing c2016 a6 : 3S xMarketing. uhttp://www.econjournals.com/index.php/irmm/issue/view/75